000 00781nam a2200253Ia 4500
003 OSt
005 20220918191201.0
006 a|||||r|||| 00| 0
007 ta
008 220917b |||||||| |||| 00| 0 eng d
024 _a61,887
037 _cTextual
040 _aARTS
_cARTS
_beng
041 _2eng
_aeng
082 _aQ6:353xM64, L4
100 _aDe Unamuno Migual
_975205
245 0 _aAgony of christianity and essays on faith tr by Anthony Kerrigan
260 _aLondon
_bRoutledge And Kegan Paul
_c1974
300 _axi,302p.
_ccm.
490 _aSelected works of Miguel de Unamuno ed by Anthony Kerrigan and Martin Nozick; 5
650 _aRELIGION
942 _hQ6:353xM64, L4
_cTEXL
_2CC
999 _c188654
_d188654